00309nam a2200121Ia 4500008004100000041000800041082001600049100001900065245004400084260003400128300001300162365001200175240624s9999 xx 000 0 und d aeng a658.421 KAY aKAYSER OLIVIER aSCALING UP BUSINESS SOLUTIONS TO SOCIAL c2015aenterpreneursbPalgrave a225 : p. cERUb31